| 000 | 01163nam a22003377a 4500 | ||
|---|---|---|---|
| 003 | CHAP | ||
| 005 | 20220329143452.0 | ||
| 008 | 091123s2003 fr r 00010 eng d | ||
| 010 | _a97120 | ||
| 011 | _a98092 | ||
| 020 | _a9264100261 | ||
| 035 | _a108772 | ||
| 040 | _cCHAP | ||
| 082 | 0 | 4 |
_a658.4038 _bM46 |
| 245 | 0 | 0 |
_aMeasuring knowledge management in the business sector : _bfirst steps _c/by Organisation for Economic Co-operation and Development |
| 260 |
_aParís : _bOECD, _c2003 |
||
| 300 |
_a219 p. : _bgráfs., tablas |
||
| 490 | 0 | _aKnowledge management | |
| 590 |
_aBATCH-UPD _b10 _c20130110 _lUCH01 _h1147 |
||
| 590 |
_aBATCH-UPD _b10 _c20130410 _lUCH01 _h0732 |
||
| 590 |
_aBATCH-UPD _b10 _c20130913 _lUCH01 _h1950 |
||
| 590 |
_aCONVERSION _b10 _c20130109 _lUCH01 _h1354 |
||
| 650 | 1 | 4 |
_aAdministración de empresas. _9922 |
| 650 | 1 | 4 |
_aConocimiento, Teoría del. _927232 |
| 710 | 0 |
_aOrganización para la Cooperación y el Desarrollo Económicos. París. _983559 |
|
| 830 | 0 |
_aKnowledge management _963551 |
|
| 901 | _aBK | ||
| 911 | _aen proceso | ||
| 942 | _cLIBRO | ||
| 949 |
_a658.4038 M46 _bBC _cLIBRO _d33724002124892 _eLIBRO _h111326 _i108772 _sb |
||
| 999 |
_c97120 _d97120 |
||